Sunday morning. Photography /

This segment of Sunday Morning is about National Geographic photographer Joel Sartore.

Bibliographic Details
Format: Video
Language:English
Language Notes:In English.
Published: New York, NY : Columbia Broadcasting System, 2006.
Series:Academic Video Online
Subjects:
Online Access:Connect to this streaming video (Alexander Street Press)

MARC

Tag First Indicator Second Indicator Subfields
LEADER 00000cgm a2200000Mi 4500
001 in00005542321
006 m o c
007 cr |n||||||||a
007 vz |za|z|
008 180830s2006 nyu003 e o vueng d
005 20241201225940.8
035 |a (OCoLC)on1104051004 
040 |a ALSTP  |b eng  |e rda  |e pn  |c ALSTP  |d OCLCO  |d OCLCF  |d OCLCQ  |d OCLCO  |d OCLCL  |d OCLCQ  |d DXU 
019 |a 1373554940  |a 1443968944 
035 |a (OCoLC)1104051004  |z (OCoLC)1373554940  |z (OCoLC)1443968944 
043 |a n-us--- 
049 |a TXAM 
245 0 0 |a Sunday morning.  |p Photography /  |c produced by Columbia Broadcasting System. 
246 3 0 |a Photography 
264 1 |a New York, NY :  |b Columbia Broadcasting System,  |c 2006. 
300 |a 1 online resource (3 min.) 
306 |a 000250 
336 |a two-dimensional moving image  |b tdi  |2 rdacontent 
337 |a computer  |b c  |2 rdamedia 
337 |a video  |b v  |2 rdamedia 
338 |a online resource  |b cr  |2 rdacarrier 
347 |a video file  |2 rda 
490 0 |a Academic Video Online 
500 |a Title from resource description page (viewed May 20, 2019). 
520 |a This segment of Sunday Morning is about National Geographic photographer Joel Sartore. 
546 |a In English. 
600 1 0 |a Sartore, Joel. 
600 1 7 |a Sartore, Joel.  |2 fast  |0 (OCoLC)fst01527480  |1 https://id.oclc.org/worldcat/entity/E39PBJrwWtXxbwrDwgtMPKh8md 
650 0 |a Photographers  |z United States. 
650 6 |a Photographes  |z États-Unis. 
650 7 |a Photographers.  |2 fast  |0 (OCoLC)fst01061605 
651 7 |a United States.  |2 fast  |0 (OCoLC)fst01204155  |1 https://id.oclc.org/worldcat/entity/E39PBJtxgQXMWqmjMjjwXRHgrq 
655 7 |a Television news programs.  |2 fast  |0 (OCoLC)fst01710455 
655 7 |a Television news programs.  |2 lcgft 
655 7 |a Téléjournaux.  |2 rvmgf 
710 2 |a CBS Inc.,  |e production company. 
856 4 0 |u http://proxy.library.tamu.edu/login?url=https://www.aspresolver.com/aspresolver.asp?MARC;3166832  |z Connect to this streaming video (Alexander Street Press)  |t 0 
955 |a Alexander Street Press subscription streaming video 
994 |a 92  |b TXA 
999 f f |s d4025f18-6cc6-419f-8a62-9e00e28069bd  |i 375d37f6-5a32-46bc-b361-26413d454538  |t 0 
952 f f |a Texas A&M University  |b College Station  |c Electronic Resources  |d Available Online  |t 0  |h Library of Congress classification 
998 f f |t 0  |l Available Online